| 000 | 00635nam a2200241 a 4500 | ||
|---|---|---|---|
| 001 | nice12345678 | ||
| 003 | IN_TiNIC | ||
| 005 | 20260116014301.0 | ||
| 008 | 050524s1998 newa grp 000 0 urd | ||
| 020 |
_a _c135 |
||
| 082 | 0 | 0 |
_a954.024 _bQAN |
| 100 | _aQanoongo, Kalika Ranjan | ||
| 245 | _aShershah Awr Uska Ahad | ||
| 260 |
_aNew Delhi _bQaumi Council Barai Taraqi-E-Urdu Lang _c1998 |
||
| 300 | _a704p | ||
| 500 | _aincludes index and biblioraphy | ||
| 505 | 2 | _aBibliography | |
| 650 | _aIndia-History Sher Shah Suri | ||
| 650 | _aIndia-History Muslim Period | ||
| 902 | _bSRS | ||
| 942 | _cBK | ||
| 999 |
_c14634 _d14634 |
||